00605cam a22001692 4500001001100000005001700011008004100028020002300069040001500092050002600107100003300133245010300166260003500269300001600304650008100320700003400401000000345420151217151925.0070507s xx 000 0 eng d cKES 200 (donation) aKABUcKABU 0aKF6369.8b.R4B37 19981 aBaran, Daniel J.@000015339610aIRS audit protection and survival guide. Gasoline retailers /cDaniel J. Baran, Gerald F. Bernard. aNew York :bJohn Wiley,c1998. axiv, 338 p. 0aService stationsxTaxationxLaw and legislation.zUnited States.@00001533971 aBernard Gerald F.@0000153398